MARC

LEADER 00000nam0a2200000 4500
001 316208
005 20231102002843.0
035 |a (RuTPU)RU\TPU\book\341646 
090 |a 316208 
100 |a 20160316d1967 km y0rusy50 ca 
101 0 |a rus 
102 |a UA 
105 |a a z 001zy 
200 1 |a Химотронные приборы в автоматике  |f М. Л. Фиш 
210 |a Киев  |c Технiка  |d 1967 
215 |a 240 с.  |c ил. 
320 |a Библиогр.: с. 234-238 
606 1 |a Химотроника  |2 stltpush  |3 (RuTPU)RU\TPU\subj\17391  |9 43048 
610 1 |a химотронные приборы 
610 1 |a законы Фарадея 
610 1 |a интегрирующие диоды 
610 1 |a применение 
610 1 |a детектирующие диоды 
610 1 |a тетроды 
610 1 |a блок-схемы 
610 1 |a усилительные устройства 
610 1 |a механические величины 
610 1 |a преобразователи 
610 1 |a испытания 
610 1 |a аппаратура 
675 |a 621.38:541.13  |v 4 
700 1 |a Фиш  |b М. Л.  |g Михаил Львович 
801 1 |a RU  |b 63413507  |c 20160316 
801 2 |a RU  |b 63413507  |c 20200916  |g RCR 
942 |c BK